000 00526nam a2200193Ia 4500
005 20250423101655.0
008 250422s9999 xx 000 0 und d
020 _a9781509509058
050 _aDT 30.5 .W55/
100 _aWilliams, D. Paul
245 0 _aWar & conflict in Africa
250 _a2nd ed.
260 _aNew York
260 _bRoutledge
260 _c2022
300 _a202 p
650 _aPolitics and war--Africa--History. International cooperation. Africa--Politics and government--1960-
942 _cBK
999 _c36943
_d36943